000 00413nam a2200169Ia 4500
008 230524s9999 xx 000 0 und d
020 _a8120325818
082 _a4
_bRAJ
100 _aV.Rajaraman
_92240
245 0 _a"Fundamentals of Computers (417p, 4thed.)"
250 _a4TH
260 _aNEW DELHI
_bPHI
_c2004
300 _aXIII;417
500 _aQuantity Number: 55
650 _aComp-Sc
942 _cBK
999 _c12903
_d12903